Report on Indian education in east Africa and proposal to found gandhi memorial college in east Africa (Record no. 494367)

000 -LEADER
fixed length control field 00483cam a22001337a 4500
008 - FIXED-LENGTH DATA ELEMENTS--GENERAL INFORMATION
fixed length control field 180718b1950 xxu||||| |||| 00| 0 eng d
082 ## - DEWEY DECIMAL CLASSIFICATION NUMBER
Classification number Px54 In2c/72
100 ## - MAIN ENTRY--PERSONAL NAME
Personal name Kabir, Humayun
245 ## - TITLE STATEMENT
Title Report on Indian education in east Africa and proposal to found gandhi memorial college in east Africa
Statement of responsibility, etc. by Humayun Kabir
260 ## - PUBLICATION, DISTRIBUTION, ETC.
Place of publication, distribution, etc. Delhi
Name of publisher, distributor, etc. The Manager of publications
Date of publication, distribution, etc. 1950
300 ## - PHYSICAL DESCRIPTION
Extent 21p.
440 ## - SERIES STATEMENT/ADDED ENTRY--TITLE
Title Pamphlet no. 72
700 ## - ADDED ENTRY--PERSONAL NAME
Personal name India. Ministry of Education. Bureau of Education
Holdings
Withdrawn status Lost status Damaged status Not for loan Permanent Location Current Location Date acquired Full call number Barcode Date last seen Price effective from Koha item type
        Indian Institute of Public Administration Indian Institute of Public Administration 2018-08-04 Px54 In2c/72 GG32607 2018-08-04 2018-08-04 GG

Powered by Koha